[Event "MEX-ch"]
[Site "Mexico City"]
[Date "2023.11.08"]
[Round "2"]
[White "Garcia Nevarez, Moises Omar"]
[Black "Sandoval Mercado, Carlos"]
[Result "0-1"]
[WhiteElo "2170"]
[BlackElo "2397"]
[PlyCount "66"]
[EventDate "2023.11.07"]
[EventType "swiss"]
[EventRounds "9"]
[EventCountry "MEX"]
[SourceTitle "CB46_2023"]
[SourceDate "2023.11.15"]
[SourceVersion "1"]
[SourceVersionDate "2023.11.15"]
[SourceQuality "1"]

1. d4 Nf6 2. c4 e6 3. Nf3 a6 4. Qc2 d5 5. Bg5 dxc4 6. a4 c5 7. dxc5 Bxc5 8. e4 Qa5+ 9. Nbd2 b5 10. Be2 Bb7 11. 0-0 Qb6 12. axb5 axb5 13. Rxa8 Bxa8 14. b3 Nbd7 15. bxc4 b4 16. Bd3 Bc6 17. Bh4 Ng4 18. Nb3 Ba4 19. Nfd2 0-0 20. Be2 Nge5 21. Ra1 Ra8 22. Nxc5 Nxc5 23. Be7 Qb7 24. Qb2 Ned3 25. Bxd3 Nxd3 26. Qb1 Qd7 27. Bg5 Qd4 28. Be3 Qc3 29. Qd1 b3 30. Nxb3 Nb2 31. Bd4 Nxd1 32. Bxc3 Nxc3 33. Nc5 Bc6 0-1

[Event "MEX-ch U26"]
[Site "Merida"]
[Date "2019.05.13"]
[Round "2"]
[White "Garcia Nevarez, Moises Omar"]
[Black "Quiroga Garza, Juan Manuel"]
[Result "1/2-1/2"]
[WhiteElo "2025"]
[BlackElo "2139"]
[PlyCount "63"]
[EventDate "2019.05.12"]
[EventType "swiss"]
[EventRounds "6"]
[EventCountry "MEX"]
[SourceTitle "EXT 2020"]
[Source "ChessBase"]
[SourceDate "2019.10.17"]
[SourceVersion "1"]
[SourceVersionDate "2019.10.17"]
[SourceQuality "1"]

1. Nf3 Nf6 2. g3 d5 3. Bg2 e6 4. d4 Be7 5. 0-0 0-0 6. c4 b6 7. cxd5 exd5 8. Nc3 Bb7 9. Ne5 Nbd7 10. Bf4 c5 11. Qa4 cxd4 12. Nxd7 Qxd7 13. Qxd7 Nxd7 14. Nxd5 Bxd5 15. Bxd5 Rac8 16. Rac1 Nc5 17. Rc4 Rfd8 18. Rxd4 Bf6 19. Rd2 Bxb2 20. Rfd1 Bf6 21. e4 Kf8 22. Rc2 Na4 23. Bd6+ Be7 24. Bc7 Rd7 25. Rdc1 Nc5 26. Be5 Rcd8 27. Rc3 Ne6 28. a4 Bc5 29. Rc4 Ke7 30. Kg2 f6 31. Bb2 Nc7 32. Bd4 1/2-1/2